| 000 | 00617cam a2200145 4500500 | ||
|---|---|---|---|
| 005 | 20260208010538.0 | ||
| 041 | _afre | ||
| 042 | _adc | ||
| 100 | 1 | 0 |
_aGabaude, Jean-Marc _eauthor |
| 245 | 0 | 0 | _aFrançois Laruelle, La lutte et l’utopie à la fin des temps philosophiques, Paris, Kimé, 2004, coll. « Bibliothèque de non-philosophie », 208 p., 22 E. |
| 260 | _c2005. | ||
| 500 | _a4 | ||
| 786 | 0 | _nRevue philosophique de la France et de l'étranger | 130 | 1 | 2005-03-01 | p. 77j-130j | 0035-3833 | |
| 856 | 4 | 1 | _uhttps://shs.cairn.info/revue-philosophique-2005-1-page-77j?lang=fr&redirect-ssocas=7080 |
| 999 |
_c1657046 _d1657046 |
||